| 000 | 00384nam a2200109Ia 4500 | ||
|---|---|---|---|
| 008 | 171204s9999 xx 000 0 und d | ||
| 245 | _aOccupy Management: Inspirations and Ideas for Self-Organization and Self-Management | ||
| 245 | _cMonika Kostera | ||
| 260 | _c2014 | ||
| 650 | _xHUMAN BEHAVIOR IN ORGANIZATION WITH ETHICS | ||
| 856 | _uhttp://down.ebook777.com/055/9780415703055.pdf | ||
| 999 |
_c346987 _d346987 |
||